Tektonický vývoj juhozápadnej časti veporika

Bibliographic Details
Main Author: Bezák, Vladimír, 1951- (Author)
Format: Article
Language:Slovak
PhysicalDescription:Obr. 8. Res. rus., angl., lit. 21 rőzn. v slov., češ., angl., franc.
Subjects:

MARC

LEADER 00000nab a2200000 a 4500
001 vtls000329985
003 SK-MaSNL
005 20260304080042.0
008 250424c1988 xo 0 slo
015 |a SNBRB19rr/mm-uuuuu 
035 |a CL0330107 
035 |a (urnnbn)urn:nbn:sk:snk:ar-005jmk 
035 |a (uuid)a3e9fdee-92a6-49b3-b31c-1ee385b788b3 
035 |a urn:nbn:sk:snk-ab805i 
040 |a SNKBUCL  |b slo  |c SNKBUCL  |e AACR2 
041 0 |a slo 
044 |a xo  |c SK 
080 |a 551.1/.4  |2 1981 
100 1 |a Bezák, Vladimír,  |d 1951-  |4 aut  |9 190571 
245 1 0 |a Tektonický vývoj juhozápadnej časti veporika  |c Vladimír Bezák 
300 |b Obr. 8. Res. rus., angl., lit. 21 rőzn. v slov., češ., angl., franc. 
650 0 7 |a veporikum  |2 snkbucl  |9 492630 
655 7 |a články z novín a časopisov  |2 snkbucl  |9 267496 
773 0 |t Mineralia slovaca  |g Roč. 20, č. 2 (1988), s. 131-142 
850 |a Slovenská národná knižnica 
852 |a Slovenská národná knižnica 
954 |a odborná, vedecká literatúra pôvodná (slovenská)  |2 lita 
958 |a article9 
958 |a NB 
958 |a RK 
958 |a OND 
958 |a EUIPO 
992 |a RBX 
999 |c 2784591  |d 2786521